000 00306nam a22001337a 4500
008 181206b xxu||||| |||| 00| 0 eng d
020 _a9780880914154
041 _aeng
080 _23 T5H
_a610
100 _a4
101 _aSHM
245 _aReserach Successful Approach
_cMonsen.E.R
942 _2udc
_cBK
999 _c52962
_d52962